| 000 | 00629cab a2200229 4500 | ||
|---|---|---|---|
| 001 | WB3306-50 | ||
| 008 | 090401t1997 xxu||||| |||| 00| 0 eng d | ||
| 035 | _a(Sirsi) u44125 | ||
| 041 | _aeng | ||
| 245 | _aThames Gateway | ||
| 260 | _c1997 | ||
| 350 | _a0 | ||
| 490 |
_aTimes _v4 February 1997, 22&23(5) |
||
| 520 | _aSpecial report on the Thames Gateway initiative. Covers tourism, rail links and development of the Royal Dock. | ||
| 650 | _aLONDON DOCKLANDS | ||
| 650 | _aROYAL DOCKS | ||
| 650 | _aTHAMES GATEWAY | ||
| 650 | _aURBAN REGENERATION | ||
| 690 | _aURBAN RENEWAL | ||
| 942 | _n0 | ||
| 948 | _c04/03/1997 | ||
| 999 |
_c28132 _d28132 |
||